000 00651nam a2200253Ia 4500
003 OSt
005 20220918223808.0
006 a|||||r|||| 00| 0
007 ta
008 220917b |||||||| |||| 00| 0 eng d
024 _a225,164
037 _cTextual
040 _aARTS
_cARTS
_beng
041 _2eng
_aeng
082 _aR4x, P3
100 _aDarwall Stephen Ed.
245 0 _aVirtue ethics
260 _aUSA
_bBlackwell Publishing
_c2003
300 _avii, 261p.
_ccm.
490 _aBlackwell readings in philosophy
650 _aETHICS
942 _hR4x, P3
_cTEXL
_2CC
999 _c279483
_d279483